| 000 | 02223cam a22002174a 4500 | ||
|---|---|---|---|
| 005 | 20250605163925.0 | ||
| 008 | 250528s ||||||||||||||||||||||||d | ||
| 035 | _a14515 | ||
| 020 | _a9608041201 | ||
| 040 |
_aGR-AtMCL _bgre _dGR-AtMCL _eAACR2 |
||
| 245 | 1 | _aΘεωρίες Προσωπικότητας / Έρευνα και Εφαρμογές | |
| 250 | _a1η | ||
| 260 |
_bΤυπωθήτω, _c1999 |
||
| 300 | _a740 | ||
| 520 | _aΠρόλογος, Θεωρία της Προσωπικότητας: Από την Καθημερινή Παρατήρηση στις Συστηματικές Θεωρίες, Η Επιστημονική Μελέτη των Ανθρώπων, Η Ψυχοδυναμική Θεωρία: Εφαρμογές και Αξιολόγηση της Θεωρίας του Freud, Μια Φαινομενολογική Θεωρία: Η Προσωποκεντρική Θεωρία του Carl Rogers για την Προσωπικότητα, Μια Φαινομενολογική Θεωρία: Εφαρμογές και Αξιολόγηση της Θεωρίας του Rogers, Θεωρία για τα Χαρακτηριστικά της Προσωπικότητας: Allport και Eyesenck και Cattell, Θεωρία γτια τα Χαρακτηριστικά: Το Μοντέλο των Πέντε Παραγόντων - Εφαρμογές και Αξιολόγηση της Θεωρίας για τα Χαρακτηριστικά, Προσέγγιση της Προσωπικότητας από τη Σκοπιά της Θεωρίας της Μάθησης, Μια Γνωστική Θεωρία της Προσωπικότητας: Η Θεωρία των Προσωπικών Νοητικών Κατασκευών του George A. Kelly, Μια Γνωστική Θεωρία για την Προσωπικότητα: Εφαρμογή και Αξιολόγηση της Θεωρίας του Kelly, Κοινωνικογνωστική Θεωρία: Bandura και Mischel, Κοινωνικογνωστική Θεωρία: Εφαρμογές και Αξιολόγηση. | ||
| 700 | 1 |
_aJohn Oliver P _9214 |
|
| 700 | 1 |
_aPervin Lawrence A _9215 |
|
| 942 | _cBK | ||
| 999 |
_c144 _d144 |
||